Swedish army vehicles abbreviations - Statistics

General Stats
  • This quiz has been taken 19 times
    18 since last reset
  • The average score is 3 of 10
Answer Stats
Hint Answer % Correct
strv Stridsvagn
91%
strf Stridsfordon
55%
bkan Bandkanon
36%
pvkan Pansarvärnskanon
36%
lvkv Luftvärnskanonvagn
27%
pvkv Pansarvärnskanonvagn
27%
ikv Infanteriekanonvagn
0%
pbv Pansarbandsvagn
0%
pvlvv Pansarvärnslavettvagn
0%
pvrbv Pansarvärnsrobotbandsvagn
0%
No matching quizzes found
Score Distribution
Percent of People with Each Score
Percentile by Number Answered
Your Score History
You have not taken this quiz since the last reset